Colección privada / (Record no. 5944)
[ view plain ]
| 000 -CABECERA | |
|---|---|
| campo de control de longitud fija | 00728cam a2200229 a 4500 |
| 001 - NÚMERO DE CONTROL | |
| campo de control | 000006148 |
| 005 - FECHA Y HORA DE LA ÚLTIMA TRANSACCIÓN | |
| campo de control | 20200929151942.0 |
| 008 - DATOS DE LONGITUD FIJA--INFORMACIÓN GENERAL | |
| campo de control de longitud fija | 031028s2003 sp 001 0 spa |
| 020 ## - NÚMERO INTERNACIONAL ESTÁNDAR DEL LIBRO | |
| Número Internacional Estándar del Libro | 8475225292 |
| 040 ## - FUENTE DE LA CATALOGACIÓN | |
| Centro catalogador/agencia de origen | DO-SdBNP |
| Centro/agencia transcriptor | DLC |
| 082 ## - NÚMERO DE LA CLASIFICACIÓN DECIMAL DEWEY | |
| Número de clasificación | C861.44 |
| Número de documento/Ítem | C843c |
| 100 1# - ENTRADA PRINCIPAL--NOMBRE DE PERSONA | |
| Nombre de persona | Cote Baraibar, Ramón, |
| Fechas asociadas al nombre | 1963- |
| 9 (RLIN) | 17276 |
| 245 10 - MENCIÓN DE TÍTULO | |
| Título | Colección privada / |
| Mención de responsabilidad, etc. | Ramón Cote Baraibar. |
| 260 ## - PUBLICACIÓN, DISTRIBUCIÓN, ETC. | |
| Lugar de publicación, distribución, etc. | Madrid : |
| Nombre del editor, distribuidor, etc. | Visor Libros, |
| Fecha de publicación, distribución, etc. | [2003]. |
| 300 ## - DESCRIPCIÓN FÍSICA | |
| Extensión | 97 p. ; |
| Dimensiones | 20 cm. |
| 490 1# - MENCIÓN DE SERIE | |
| Mención de serie | Visor de Poesía ; |
| Designación de volumen o secuencia | v. 529 |
| 586 ## - NOTA DE PREMIOS | |
| Nota de premios | III Premio Casa de América de Poesía Americana. |
| 650 #4 - PUNTO DE ACCESO ADICIONAL DE MATERIA--TÉRMINO DE MATERIA | |
| Término de materia o nombre geográfico como elemento de entrada | Poesía colombiana |
| 9 (RLIN) | 3742 |
| 650 #4 - PUNTO DE ACCESO ADICIONAL DE MATERIA--TÉRMINO DE MATERIA | |
| Término de materia o nombre geográfico como elemento de entrada | Literatura colombiana |
| 9 (RLIN) | 1244 |
| 830 #0 - PUNTO DE ACCESO ADICIONAL DE SERIE-TÍTULO UNIFORME | |
| Título uniforme | Visor de Poesía ; |
| Designación de volumen o secuencia | v. 529 |
| 9 (RLIN) | 13366 |
| 910 ## - DATOS DE OPCIÓN DEL USUARIO (OCLC) | |
| Datos de opción del usuario | Catalogación por copia / LC |
| Estado de retiro | Estado de pérdida | Restricciones de uso | No para préstamo | Código de colección | Localización permanente | Ubicación/localización actual | Ubicación en estantería | Fecha de adquisición | Número de inventario | Total de préstamos | Signatura topográfica completa | Código de barras | Fecha visto por última vez | Precio válido a partir de | Tipo de ítem Koha | Número de copia |
|---|---|---|---|---|---|---|---|---|---|---|---|---|---|---|---|---|
| Excluido de préstamo | Monografías: Libros y Folletos | General | General | Depósito | 26.08.2009 | LF1 | C861.44 C843c | 6148-10 | 25.06.2020 | 25.06.2020 | No se presta | |||||
| Extraviado | Excluido de préstamo | Monografías: Libros y Folletos | General | General | Extraviado | 02.06.2017 | LF1 | C861.44 C843c | 6148-20 | 25.06.2020 | 25.06.2020 | No se presta | e. 2 |
